| 000 | 00705nam a2200217 a 4500 | ||
|---|---|---|---|
| 999 |
_c11277 _d11277 |
||
| 001 | 11277 | ||
| 003 | BD-JhCC | ||
| 005 | 20220811134024.0 | ||
| 008 | 190621s 2019bg |||| ||a| 000 0 ben d | ||
| 035 | _a(BD-JhCC)11277 | ||
| 040 |
_aBD-JhCC _dBD-JhCC |
||
| 041 | _aben | ||
| 082 |
_bUDD 2019 _a891.4435 |
||
| 100 | _aউদ্দিন, মোহাম্মদ নাজিম | ||
| 245 |
_aকরাচি / _cমোহাম্মদ নাজিম উদ্দিন । |
||
| 260 |
_aঢাকা: _bবাতিঘর প্রকাশনী; _c২০১৯. |
||
| 300 |
_a৩১৩ পৃ. : _c২২ সেমি. |
||
| 650 | _aDetective Stories | ||
| 942 |
_2ddc _cBK _024 |
||